000 00573nam a22002057a 4500
003 BUBTL
008 210715b xxu||||| |||| 00| 0 eng d
020 _a0455216738
082 _a341.754 / Is41i
100 _94110
_aIslam, M Rafiqul
245 _aInternational Trade Law /
_c M Rafiqul Islam
250 _a1st edn.
260 _aSydney :
_bLBC Information Services 1999,
_cc1999.
300 _axii,532 p. :
_c28 cm.
500 _aIncludes Index
650 0 _926
_aLaw
856 _k0
_l0
_yDownload
942 _2ddc
_cBK
999 _c6502
_d6502